Vplyv rôzneho hnojenia a výsevku na úrodotvorný proces a úrodu zrna dvojradového ozimného jačmeňa

Bibliographic Details
Main Authors: Molnárová, Juliana, 1948- (Author), Kufelj, D. (Author), Žembery, Jozef (Author)
Format: Article
Language:Slovak

MARC

LEADER 00000nab a2200000 a 4500
001 vtls010714819
003 SK-MaSNL
005 20260304192419.0
008 250709s1998 xo |||||||||||||||||slo|
035 |a (urnnbn)urn:nbn:sk:snk:ar-a04f1v 
035 |a (uuid)f1d74704-7a53-42d5-8d60-d8a9a21a7cc6 
035 |a urn:nbn:sk:snk-ab3h6z 
040 |a SNKBUCL  |b slo  |c SNKBUCL  |e AACR2 
041 0 |a slo 
044 |a xo  |c SK 
100 1 |a Molnárová, Juliana,  |d 1948-  |4 aut  |9 8629 
245 1 0 |a Vplyv rôzneho hnojenia a výsevku na úrodotvorný proces a úrodu zrna dvojradového ozimného jačmeňa  |c J. Molnárová, D. Kufelj, J. Žembery 
700 1 |a Kufelj, D.  |4 aut  |9 809544 
700 1 |a Žembery, Jozef  |4 aut  |9 12562 
773 0 |t Naše pole : odborný mesačník pre pestovateľov rastlín  |g Roč. 2, č. 9 (1998), s. 29 
850 |a Slovenská národná knižnica 
852 |a Slovenská národná knižnica 
954 |a odborná, vedecká literatúra pôvodná (slovenská)  |2 lita 
958 |a article1 
958 |a OND 
958 |a EUIPO 
999 |c 3061663  |d 3063593